| 000 | 00519aam a2200193 4500 | ||
|---|---|---|---|
| 005 | 20161107100715.0 | ||
| 008 | 150722b xxu||||| |||| 00| 0 spa d | ||
| 041 | _aEspañol | ||
| 082 | _a411 R825o | ||
| 100 |
_aRosas Sánchez, Rosa María _917933 |
||
| 245 | _aOrtografía: ejercicios | ||
| 260 |
_aMéxico _bPearson Educación _c1995 |
||
| 300 | _a221 páginas | ||
| 650 |
_aORTOGRAFÍA _930504 |
||
| 650 |
_aACENTUACIÓN _98823 |
||
| 650 |
_aPUNTUACIÓN _915567 |
||
| 650 |
_aUSO DE LETRAS _917935 |
||
| 942 | _cBK | ||
| 999 |
_c2079 _d2079 |
||